The snows of kilimanjaro and other stories / (Record no. 3849)
[ view plain ]
| 000 -LEADER | |
|---|---|
| fixed length control field | 00598cam a2200169 4500 |
| 001 - CONTROL NUMBER | |
| control field | 4640 |
| 005 - DATE AND TIME OF LATEST TRANSACTION | |
| control field | 20181127173833.0 |
| 008 - FIXED-LENGTH DATA ELEMENTS--GENERAL INFORMATION | |
| fixed length control field | 740625s1966 nyu b 000 0 eng |
| 020 ## - INTERNATIONAL STANDARD BOOK NUMBER | |
| International Standard Book Number | 9788172343965 |
| Terms of availability | |
| Canceled/invalid ISBN | |
| 100 1# - MAIN ENTRY--PERSONAL NAME | |
| Personal name | Ernest Hemingway. |
| 245 00 - TITLE STATEMENT | |
| Title | The snows of kilimanjaro and other stories / |
| Statement of responsibility, etc. | Ernest Hemingway. |
| 260 ## - PUBLICATION, DISTRIBUTION, ETC. | |
| Place of publication, distribution, etc. | New Delhi : |
| Name of publisher, distributor, etc. | Prakash Books India, Pvt. Ltd, |
| Date of publication, distribution, etc. | 2012. |
| 300 ## - PHYSICAL DESCRIPTION | |
| Extent | 184 p. ; |
| Dimensions | 22 cm. |
| 490 0# - SERIES STATEMENT | |
| Series statement | Monarch notes and study guides, 839-1 |
| 600 10 - SUBJECT ADDED ENTRY--PERSONAL NAME | |
| Personal name | Hemingway, Ernest, |
| Dates associated with a name | 1899-1961 |
| General subdivision | Examinations |
| -- | Study guides. |
| Personal name | Hemingway, Ernest, |
| Dates associated with a name | 1899-1961. |
| Title of a work | Snows of Kilimanjaro. |
| Withdrawn status | Lost status | Source of classification or shelving scheme | Damaged status | Not for loan | Collection code | Home library | Current library | Shelving location | Serial Enumeration / chronology | Inventory number | Total Checkouts | Full call number | Barcode | Date last seen | Price effective from | Koha item type |
|---|---|---|---|---|---|---|---|---|---|---|---|---|---|---|---|---|
| Dewey Decimal Classification | Main TEST | RTC Library | RTC Library | Main opac | 7354 | 813.5 HEM | 30007515 | 27/11/2018 | 27/11/2018 | Main |